000 01485cam a2200217 4500500
005 20251228052238.0
041 _afre
042 _adc
100 1 0 _aDubrulle, Luc
_eauthor
245 0 0 _aEntre archétype et scandale. La mise en place théologique de la catégorie morale du pauvre
260 _c2009.
500 _a41
520 _aRésuméL’impératif deutéronomique « Qu’il n’y ait pas de pauvre chez toi » invite à comprendre la catégorie morale du pauvre comme scandale, et manifestation du péché contre l’alliance. Le Nouveau Testament et les Pères de l’Église mettent en place la catégorie morale du pauvre comme critère eschatologique constituant un facteur déterminant d’action et d’accélération de l’histoire. De sorte que le pauvre joue son rôle propre : il est le type de l’archétype qu’est Christ. Dans l’Eucharistie, l’absence du pauvre constitue la marque en creux de la communion de l’Église qui ne peut se comprendre que dans son extension sociale universelle. Ainsi dans le pauvre, présent ou absent, le Christ donne et convoque l’amour. Dans le Christ archétype, pauvreté et amour se fondent.
690 _acharité
690 _aeschatologie
690 _aeucharistie
690 _apauvre
690 _apauvreté
786 0 _nTransversalités | 111 | 3 | 2009-10-01 | p. 23-33 | 1286-9449
856 4 1 _uhttps://shs.cairn.info/revue-transversalites-2009-3-page-23?lang=fr&redirect-ssocas=7080
999 _c1583143
_d1583143